[Event "EU-ch rapid"]
[Site "Minsk"]
[Date "2015.12.19"]
[Round "2"]
[White "Mokhova, Kristina"]
[Black "Mikhalevski, Victor"]
[Result "0-1"]
[WhiteElo "2123"]
[BlackElo "2535"]
[PlyCount "72"]
[EventDate "2015.12.19"]
[EventType "swiss (rapid)"]
[EventRounds "11"]
[EventCountry "BLR"]
[SourceTitle "EXT 2017"]
[Source "ChessBase"]
[SourceDate "2016.10.25"]
[SourceVersion "1"]
[SourceVersionDate "2016.10.25"]
[SourceQuality "1"]

1. e4 e5 2. Nf3 Nc6 3. Bc4 Nf6 4. d3 h6 5. 0-0 d6 6. c3 g6 7. Be3 Bg7 8. Nbd2 Ng4 9. h3 Nxe3 10. fxe3 0-0 11. a4 Kh7 12. Qe2 f5 13. exf5 gxf5 14. d4 e4 15. Ne1 d5 16. Ba2 Qd6 17. Qf2 Ne7 18. h4 Bf6 19. c4 c6 20. cxd5 cxd5 21. Nb1 Rg8 22. Qf4 Qd8 23. Nc3 Rg4 24. Qf2 Bxh4 25. Qe2 Bg3 26. Qb5 a6 27. Qb3 Be6 28. Ne2 Bd6 29. Nf4 Bxf4 30. Rxf4 Rxf4 31. exf4 Qd6 32. g3 Rc8 33. Ng2 Rc4 34. Rd1 Rb4 35. Qc2 Qb6 36. a5 Qxa5 0-1

[Event "Pardubice op-B"]
[Site "Pardubice"]
[Date "2009.07.26"]
[Round "3"]
[White "Mokhova, Kristina"]
[Black "Piankov, Evgenij"]
[Result "0-1"]
[WhiteElo "2128"]
[BlackElo "2356"]
[PlyCount "46"]
[EventDate "2009.07.24"]
[EventType "swiss"]
[EventRounds "9"]
[EventCountry "CZE"]
[SourceTitle "CBM 131 Extra"]
[Source "ChessBase"]
[SourceDate "2009.09.03"]
[SourceVersion "2"]
[SourceVersionDate "2009.09.16"]
[SourceQuality "1"]

1. e4 g6 2. d4 Bg7 3. g3 d5 4. e5 Nh6 5. Bg2 c6 6. h4 f6 7. exf6 exf6 8. Ne2 0-0 9. 0-0 Re8 10. Nf4 Nd7 11. Nc3 Nf8 12. Na4 Nf5 13. c3 Nd6 14. Nc5 Rb8 15. Bd2 b6 16. Ncd3 Ne4 17. Re1 Bf5 18. Nb4 Qd6 19. g4 Nxd2 20. Qxd2 Bxg4 21. Nxc6 Bh6 22. Bxd5+ Kg7 23. Nxb8 Bxf4 0-1

[Event "Kharkov Rector Cup (Women) 9th"]
[Site "Kharkov"]
[Date "2007.03.23"]
[Round "7"]
[White "Breslavskaya, Mariya"]
[Black "Mokhova, Kristina"]
[Result "0-1"]
[WhiteElo "1995"]
[BlackElo "2108"]
[PlyCount "90"]
[EventDate "2007.03.18"]
[EventType "tourn"]
[EventRounds "11"]
[EventCountry "UKR"]
[SourceTitle "CBM 117 Extra"]
[Source "ChessBase"]
[SourceDate "2007.05.09"]
[SourceVersion "1"]
[SourceVersionDate "2007.05.09"]
[SourceQuality "1"]

1. e4 e5 2. f4 Nf6 3. fxe5 Nxe4 4. Nf3 Be7 5. Nc3 d5 6. exd6 Nxd6 7. d4 0-0 8. Bf4 Re8 9. Be2 c6 10. 0-0 Nd7 11. Kh1 Nf6 12. Ne5 Be6 13. Na4 Nf5 14. c3 Nd5 15. Bd3 g6 16. Qf3 Nxf4 17. Qxf4 Bg5 18. Qf2 f6 19. Nf3 Be3 20. Qc2 b6 21. Rae1 Bd7 22. b3 Qc7 23. Nb2 Bf4 24. Nd1 Kg7 25. Kg1 Qd6 26. Be4 Rad8 27. Re2 Qc7 28. Rfe1 Nd6 29. Bd3 Rxe2 30. Qxe2 Re8 31. Qf2 Rxe1+ 32. Nxe1 Bxh2+ 33. Kf1 Nf5 34. Bxf5 Bxf5 35. Ne3 Be6 36. Nf3 Bg3 37. Qe2 Qf4 38. c4 Qe4 39. d5 cxd5 40. cxd5 Bd7 41. Nc4 Qxd5 42. Qe7+ Qf7 43. Qe3 Qe6 44. Qc3 Qe4 45. Qd2 Bb5 0-1

[Event "Kharkov Rector Cup (Women) 9th"]
[Site "Kharkov"]
[Date "2007.03.21"]
[Round "4"]
[White "Aketayeva, Dana"]
[Black "Mokhova, Kristina"]
[Result "1/2-1/2"]
[WhiteElo "2260"]
[BlackElo "2108"]
[PlyCount "64"]
[EventDate "2007.03.18"]
[EventType "tourn"]
[EventRounds "11"]
[EventCountry "UKR"]
[SourceTitle "CBM 117 Extra"]
[Source "ChessBase"]
[SourceDate "2007.05.09"]
[SourceVersion "1"]
[SourceVersionDate "2007.05.09"]
[SourceQuality "1"]

1. e4 e5 2. Nf3 Nf6 3. Nc3 Bb4 4. a3 Ba5 5. b4 Bb6 6. Bc4 d6 7. d3 0-0 8. Na4 Be6 9. Nxb6 axb6 10. Qe2 Nc6 11. c3 h6 12. 0-0 Re8 13. Bb5 Bd7 14. Re1 Ne7 15. Bxd7 Qxd7 16. Nh4 d5 17. Qf3 Qg4 18. Qxg4 Nxg4 19. exd5 Nxd5 20. h3 Ngf6 21. Bd2 Nf4 22. Bxf4 exf4 23. Kf1 Nd5 24. Rxe8+ Rxe8 25. c4 Nc3 26. Rc1 Na4 27. Rc2 Kf8 28. Nf3 Re7 29. d4 Re4 30. d5 g5 31. c5 bxc5 32. bxc5 Ke7 1/2-1/2

[Event "Kharkov Femida (Women)"]
[Site "Kharkov"]
[Date "2006.11.06"]
[Round "8"]
[White "Mokhova, Kristina"]
[Black "Burtasova, Anna"]
[Result "0-1"]
[WhiteElo "2108"]
[BlackElo "2264"]
[PlyCount "68"]
[EventDate "2006.10.31"]
[EventType "tourn"]
[EventRounds "11"]
[EventCountry "UKR"]
[SourceTitle "EXT 2007"]
[Source "ChessBase"]
[SourceDate "2006.11.23"]
[SourceVersion "1"]
[SourceVersionDate "2006.11.23"]
[SourceQuality "1"]

1. e4 c5 2. c3 d5 3. exd5 Qxd5 4. d4 Nf6 5. Nf3 Bg4 6. dxc5 Qxc5 7. Na3 a6 8. Be3 Qc8 9. Be2 Nbd7 10. h3 Bh5 11. 0-0 e6 12. Nc2 Be7 13. Ncd4 0-0 14. Bg5 h6 15. Bh4 Rd8 16. Qe1 Bg6 17. Rd1 e5 18. Nb3 e4 19. Nfd4 Re8 20. Qd2 Ne5 21. Nc2 Nf3+ 22. gxf3 Qxh3 23. Bg3 exf3 24. Bxf3 Ne4 25. Qf4 Bg5 26. Qc7 Nxg3 27. fxg3 Bxc2 28. Rde1 Be3+ 29. Rxe3 Rxe3 30. Nd4 Bd3 31. Bg2 Qxg3 32. Qxf7+ Kh8 33. Qxb7 Rae8 34. Nf5 Bxf5 0-1

[Event "Kharkov Femida (Women)"]
[Site "Kharkov"]
[Date "2006.11.04"]
[Round "5"]
[White "Chistiakova, Tamara"]
[Black "Mokhova, Kristina"]
[Result "1-0"]
[WhiteElo "2314"]
[BlackElo "2108"]
[PlyCount "53"]
[EventDate "2006.10.31"]
[EventType "tourn"]
[EventRounds "11"]
[EventCountry "UKR"]
[SourceTitle "EXT 2007"]
[Source "ChessBase"]
[SourceDate "2006.11.23"]
[SourceVersion "1"]
[SourceVersionDate "2006.11.23"]
[SourceQuality "1"]

1. Nf3 d5 2. e3 Nf6 3. c4 e6 4. b3 c5 5. g3 Nc6 6. Bg2 Be7 7. 0-0 0-0 8. Bb2 b6 9. Nc3 Bb7 10. cxd5 exd5 11. d4 cxd4 12. Nxd4 Ne5 13. Nf5 Bc5 14. Nxd5 Nxd5 15. Bxe5 f6 16. Bd4 Ba3 17. Qg4 Qc7 18. Rad1 Rad8 19. e4 Nb4 20. Bxf6 Rxd1 21. Bxg7 Rxf1+ 22. Bxf1 Rxf5 23. Be5+ Kf8 24. Bxc7 Rf6 25. e5 Rg6 26. Bd6+ Ke8 27. Qf4 1-0

[Event "Kharkov Femida (Women)"]
[Site "Kharkov"]
[Date "2006.11.03"]
[Round "4"]
[White "Mokhova, Kristina"]
[Black "Gorbatenko, Kateryna"]
[Result "1-0"]
[WhiteElo "2108"]
[BlackElo "2129"]
[PlyCount "83"]
[EventDate "2006.10.31"]
[EventType "tourn"]
[EventRounds "11"]
[EventCountry "UKR"]
[SourceTitle "EXT 2007"]
[Source "ChessBase"]
[SourceDate "2006.11.23"]
[SourceVersion "1"]
[SourceVersionDate "2006.11.23"]
[SourceQuality "1"]

1. e4 c5 2. c3 d6 3. d4 Nf6 4. f3 g6 5. Be3 Qc7 6. Bd3 Bg7 7. Ne2 0-0 8. 0-0 b6 9. Qd2 Re8 10. g4 Nc6 11. Ng3 Nd7 12. Qf2 a6 13. a3 cxd4 14. cxd4 b5 15. Nd2 Rb8 16. Rac1 Qb7 17. f4 Nb6 18. f5 Rf8 19. h4 d5 20. Nb3 dxe4 21. Bxe4 Nc4 22. Bf4 Ra8 23. Rxc4 bxc4 24. Nc5 Bxd4 25. Qxd4 Nxd4 26. Nxb7 Bxb7 27. Bxb7 Ra7 28. Bd5 e6 29. Bxc4 a5 30. Be3 e5 31. fxg6 hxg6 32. Ne4 Kg7 33. Ng5 Rb7 34. Rf2 Rh8 35. Nxf7 Rxh4 36. Nxe5 Nb5 37. Bg5 Rh3 38. Kg2 Rh7 39. Bf6+ Kh6 40. g5+ Kh5 41. Be2+ Kh4 42. Rf4# 1-0

[Event "RUS-chT (Women) 7th"]
[Site "Sochi"]
[Date "2006.04.21"]
[Round "2"]
[White "Mokhova, Kristina"]
[Black "Shumiakina, Tatiana"]
[Result "0-1"]
[WhiteElo "2156"]
[BlackElo "2341"]
[PlyCount "154"]
[EventDate "2006.04.20"]
[EventType "team"]
[EventRounds "11"]
[EventCountry "RUS"]
[SourceTitle "CBM 111 Extra"]
[Source "ChessBase"]
[SourceDate "2006.05.09"]
[SourceVersion "1"]
[SourceVersionDate "2006.05.09"]
[SourceQuality "1"]

1. e4 c5 2. c3 Nf6 3. e5 Nd5 4. d4 cxd4 5. Nf3 e6 6. cxd4 d6 7. Bd3 dxe5 8. Nxe5 Nd7 9. 0-0 Nxe5 10. dxe5 Bd7 11. Nd2 Bc6 12. Nf3 Nb4 13. Be2 Qxd1 14. Rxd1 Bc5 15. Bd2 Nd5 16. Rac1 Bb6 17. b3 0-0 18. a4 a5 19. Rc4 Ne7 20. Bc1 Bd5 21. Rc3 Rfc8 22. Bc4 Ng6 23. Bb2 Nf4 24. Kf1 Be4 25. Re1 Bc6 26. Ba3 h6 27. Bd6 g5 28. h3 Ng6 29. Rec1 Be4 30. Be2 Rc6 31. Nd2 Rxc3 32. Rxc3 Bc6 33. Nc4 Bd4 34. Rd3 Ba1 35. g3 Be4 36. Rd1 Bc3 37. Bd3 Bf3 38. Be2 Bc6 39. Bc7 Rc8 40. Bxa5 Bxa5 41. Nxa5 Nxe5 42. Nxc6 Rxc6 43. b4 Rc7 44. a5 Kf8 45. b5 Ke7 46. b6 Rc3 47. Rb1 Nc6 48. a6 bxa6 49. Bxa6 Nb8 50. Bb5 f5 51. Ke2 e5 52. b7 Rc5 53. Ba4 Kd6 54. Rb6+ Kc7 55. Rxh6 Kxb7 56. Rg6 Ra5 57. Bb3 Nc6 58. Bg8 Nd4+ 59. Kf1 e4 60. Ke1 f4 61. gxf4 gxf4 62. Rg4 Nf3+ 63. Kd1 Ra1+ 64. Kc2 Ne1+ 65. Kd2 Nf3+ 66. Kc3 Rc1+ 67. Kb4 Ne5 68. Bd5+ Kb6 69. Rg2 f3 70. Rg7 Nd3+ 71. Kb3 Nc5+ 72. Kb4 Nd3+ 73. Kb3 Nxf2 74. Rb7+ Ka6 75. Re7 Nd3 76. Bc4+ Kb6 77. Rf7 Rxc4 0-1

[Event "Pardubice op-B"]
[Site "Pardubice"]
[Date "2005.07.??"]
[Round "8"]
[White "Mickevicius, Juras"]
[Black "Mokhova, Kristina"]
[Result "1/2-1/2"]
[WhiteElo "2234"]
[BlackElo "2116"]
[PlyCount "101"]
[EventDate "2005.07.22"]
[EventType "swiss"]
[EventRounds "9"]
[EventCountry "CZE"]
[SourceTitle "CBM 107 Extra"]
[Source "ChessBase"]
[SourceDate "2005.09.01"]
[SourceVersion "1"]
[SourceVersionDate "2005.09.01"]
[SourceQuality "1"]

1. d4 d5 2. c4 dxc4 3. Nf3 a6 4. a4 Nf6 5. e3 Bg4 6. Bxc4 e6 7. 0-0 Nc6 8. Be2 Be7 9. b3 0-0 10. Bb2 Nb4 11. Nbd2 Bf5 12. Ne1 Bg6 13. Ndf3 h6 14. Ne5 Bh7 15. N1d3 Nfd5 16. Rc1 c6 17. Nxb4 Bxb4 18. Bd3 Bxd3 19. Qxd3 Qh4 20. g3 Qh3 21. Rfd1 Rad8 22. Qe2 f5 23. Nd3 Bd6 24. Nc5 Bxc5 25. dxc5 Rde8 26. Be5 g5 27. Rd3 Rf7 28. Rc4 Kh7 29. Rcd4 Kg6 30. e4 fxe4 31. Rxe4 Ref8 32. g4 Rf3 33. Bg3 Rxd3 34. Qxd3 Kf7 35. Rd4 Nf6 36. Qe3 Re8 37. f3 Nd5 38. Qe4 Nf6 39. Qe5 Nd5 40. Qd6 h5 41. Kf2 hxg4 42. Rxg4 Qh7 43. Qe5 Qc2+ 44. Kg1 Qxc5+ 45. Bf2 Qc1+ 46. Kg2 Nf4+ 47. Kg3 Nh5+ 48. Kg2 Nf4+ 49. Kg3 Nh5+ 50. Kg2 Nf4+ 51. Kg3 1/2-1/2

[Event "RUS-chT (Women)"]
[Site "Sochi"]
[Date "2005.04.??"]
[Round "5"]
[White "Mashinskaya, Iulia"]
[Black "Mokhova, Kristina"]
[Result "1-0"]
[WhiteElo "2420"]
[BlackElo "2108"]
[PlyCount "79"]
[EventDate "2005.04.19"]
[EventType "team"]
[EventRounds "11"]
[EventCountry "RUS"]
[SourceTitle "CBM 105 Extra"]
[Source "ChessBase"]
[SourceDate "2005.05.01"]
[SourceVersion "1"]
[SourceVersionDate "2005.05.01"]
[SourceQuality "1"]

1. d4 d5 2. Bg5 h6 3. Bh4 c6 4. Nc3 Bf5 5. e3 Nd7 6. Nf3 Ngf6 7. Bd3 e6 8. Ne5 Qb6 9. Rb1 Bd6 10. f4 Bxe5 11. fxe5 Ne4 12. Bxe4 dxe4 13. b4 Qa6 14. b5 Qa5 15. Qd2 Nb6 16. 0-0 Nc4 17. Qe1 g5 18. Bg3 Rc8 19. bxc6 bxc6 20. Rb3 0-0 21. h4 Rb8 22. hxg5 hxg5 23. Bh2 Kg7 24. g4 Bg6 25. Qf2 Rxb3 26. axb3 Qxc3 27. bxc4 Kg8 28. d5 cxd5 29. cxd5 exd5 30. e6 Qc8 31. Bd6 Qxe6 32. Bxf8 Qxg4+ 33. Qg2 Qxg2+ 34. Kxg2 Kxf8 35. Rd1 f5 36. Rxd5 Ke7 37. Ra5 Kf6 38. Ra6+ Kg7 39. Rxa7+ Kh6 40. Kg3 1-0

[Event "RUS-chT (Women)"]
[Site "Sochi"]
[Date "2005.04.??"]
[Round "2"]
[White "Mokhova, Kristina"]
[Black "Shadrina, Tatiana"]
[Result "0-1"]
[WhiteElo "2108"]
[BlackElo "2386"]
[PlyCount "80"]
[EventDate "2005.04.19"]
[EventType "team"]
[EventRounds "11"]
[EventCountry "RUS"]
[SourceTitle "CBM 105 Extra"]
[Source "ChessBase"]
[SourceDate "2005.05.01"]
[SourceVersion "1"]
[SourceVersionDate "2005.05.01"]
[SourceQuality "1"]

1. e4 c5 2. c3 d5 3. exd5 Qxd5 4. d4 g6 5. Nf3 Bg7 6. Be2 cxd4 7. cxd4 Nh6 8. Nc3 Qa5 9. 0-0 0-0 10. Bf4 Nf5 11. Nb5 Na6 12. g4 Nd6 13. Nxd6 exd6 14. Nd2 Be6 15. Ne4 d5 16. Bxa6 Qxa6 17. Nc5 Qc4 18. Nb3 Rac8 19. h3 b6 20. Re1 a5 21. Be5 a4 22. Rc1 Qb4 23. Qd2 Qe7 24. Rxc8 Rxc8 25. Nc1 Qh4 26. Bxg7 Kxg7 27. Qe3 h5 28. gxh5 Qxh5 29. Kg2 Rc2 30. Nd3 Bf5 31. Qe5+ Kh7 32. Nf4 Qh4 33. Re2 Bxh3+ 34. Nxh3 Qg4+ 35. Kh2 Rxe2 36. Qf6 Kg8 37. Ng5 Qd7 38. Qf4 Rxb2 39. Qh4 f6 40. Nh3 Kg7 0-1

[Event "RUS-chT (Women)"]
[Site "Sochi"]
[Date "2005.04.??"]
[Round "4"]
[White "Mokhova, Kristina"]
[Black "Vrublevskaya, Olga"]
[Result "1/2-1/2"]
[WhiteElo "2108"]
[BlackElo "2157"]
[PlyCount "36"]
[EventDate "2005.04.19"]
[EventType "team"]
[EventRounds "11"]
[EventCountry "RUS"]
[SourceTitle "CBM 105 Extra"]
[Source "ChessBase"]
[SourceDate "2005.05.01"]
[SourceVersion "1"]
[SourceVersionDate "2005.05.01"]
[SourceQuality "1"]

1. e4 c5 2. c3 d6 3. d4 Nf6 4. Bd3 g6 5. Ne2 Bg7 6. 0-0 0-0 7. f3 Nc6 8. Be3 Nd7 9. Nd2 Rb8 10. a4 a6 11. Nb3 b6 12. Qe1 Qc7 13. Qg3 Rd8 14. Nf4 Nf6 15. Bc4 e6 16. Be2 Ne7 17. Rfc1 Bb7 18. Nd2 Rbc8 1/2-1/2

[Event "RUS-ch (Women) 1st League"]
[Site "Kolontaevo"]
[Date "2005.01.??"]
[Round "5"]
[White "Mokhova, Kristina"]
[Black "Gunina, Valentina"]
[Result "0-1"]
[WhiteElo "2086"]
[BlackElo "2342"]
[PlyCount "101"]
[EventDate "2005.01.??"]
[EventType "swiss"]
[EventRounds "9"]
[EventCountry "RUS"]
[SourceTitle "EXT 2006"]
[Source "ChessBase"]
[SourceDate "2005.11.24"]
[SourceVersion "1"]
[SourceVersionDate "2005.11.24"]
[SourceQuality "1"]

1. e4 c6 2. d4 d5 3. f3 e6 4. Be3 dxe4 5. Nd2 exf3 6. Ngxf3 Nf6 7. Nc4 Nbd7 8. Bd3 Nd5 9. Bg5 N7f6 10. 0-0 Be7 11. Kh1 Nb4 12. Be2 c5 13. Nce5 0-0 14. c3 Nbd5 15. Bd3 cxd4 16. Nxd4 g6 17. Qf3 Nh5 18. Bh6 Ng7 19. Rae1 Nf6 20. Ndc6 bxc6 21. Nxc6 Bb7 22. Nxe7+ Qxe7 23. Qxf6 Qxf6 24. Rxf6 Rfd8 25. Bc2 Rac8 26. Rf2 Ba6 27. Bg5 Rd5 28. h4 Ne8 29. Re3 Kg7 30. Ref3 Rc7 31. Bb3 Re5 32. Kh2 Re1 33. Bd8 Rb7 34. Ba4 Nd6 35. Bc6 Nf5 36. Bxb7 Bxb7 37. Rf4 Rd1 38. Bc7 f6 39. Rb4 Bc6 40. Rc4 Bd7 41. Bb8 a6 42. Ba7 e5 43. b4 Nh6 44. Kg3 f5 45. Bb8 f4+ 46. Kf3 Ng4 47. Rc5 Kf6 48. Ke2 Rb1 49. Rf1 Rb2+ 50. Kd3 Bf5+ 51. Kc4 0-1

[Event "RUS-ch (Women) 1st League"]
[Site "Kolontaevo"]
[Date "2005.01.??"]
[Round "3"]
[White "Mokhova, Kristina"]
[Black "Yakushenkova, Guzel"]
[Result "1-0"]
[WhiteElo "2086"]
[BlackElo "2209"]
[PlyCount "85"]
[EventDate "2005.01.??"]
[EventType "swiss"]
[EventRounds "9"]
[EventCountry "RUS"]
[SourceTitle "EXT 2006"]
[Source "ChessBase"]
[SourceDate "2005.11.24"]
[SourceVersion "1"]
[SourceVersionDate "2005.11.24"]
[SourceQuality "1"]

1. e4 c5 2. c3 d5 3. exd5 Qxd5 4. d4 Nf6 5. Nf3 Bg4 6. Qa4+ Bd7 7. Qb3 Qxb3 8. axb3 e6 9. Bf4 Nc6 10. dxc5 Bxc5 11. b4 Bb6 12. Nbd2 Nd5 13. Bd3 f6 14. Bc4 Nce7 15. Bb3 Bc7 16. Bxc7 Nxc7 17. 0-0 Ned5 18. Ne4 Ke7 19. Nc5 Bc8 20. Rfe1 Kf7 21. Nd4 e5 22. Nb5 Ke7 23. Nxa7 b6 24. Bxd5 Nxd5 25. Nc6+ Kd6 26. Rxa8 Kxc6 27. Ne4 Nc7 28. Ra7 Bb7 29. c4 b5 30. c5 Nd5 31. Nd6 Rb8 32. Rd1 Nxb4 33. Nxb7 Rxb7 34. Rd6+ Kc7 35. Rxb7+ Kxb7 36. Rb6+ Kc7 37. Rxb5 Nd3 38. b4 Kc6 39. Rb6+ Kc7 40. Kf1 f5 41. g3 e4 42. b5 Ne5 43. Ra6 1-0

[Event "Chigorin Memorial 12th"]
[Site "St Petersburg"]
[Date "2004.10.20"]
[Round "5"]
[White "Yugina, Maria"]
[Black "Mokhova, Kristina"]
[Result "1/2-1/2"]
[WhiteElo "2032"]
[BlackElo "2151"]
[PlyCount "85"]
[EventDate "2004.10.16"]
[EventType "swiss"]
[EventRounds "9"]
[EventCountry "RUS"]
[SourceTitle "EXT 2005"]
[Source "ChessBase"]
[SourceDate "2004.11.15"]
[SourceVersion "1"]
[SourceVersionDate "2004.11.15"]
[SourceQuality "1"]

1. d4 d5 2. Nf3 Nf6 3. c4 dxc4 4. e3 e6 5. Bxc4 c5 6. 0-0 Nc6 7. Bb5 Bd7 8. Nc3 Be7 9. Bxc6 Bxc6 10. Ne5 cxd4 11. Nxc6 bxc6 12. exd4 0-0 13. Be3 Qc7 14. Rc1 Rfd8 15. Qf3 Qb7 16. Rc2 Nd5 17. Nxd5 cxd5 18. Rfc1 Rdc8 19. Qe2 h6 20. g3 Bd6 21. Qd2 Rab8 22. Bf4 Rxc2 23. Rxc2 Qa6 24. Bxd6 Qxd6 25. Qc3 Qb6 26. b3 a5 27. Kg2 Qb5 28. h4 a4 29. bxa4 Qxa4 30. Rb2 Ra8 31. Qc5 h5 32. Qc3 g6 33. Qc5 Kg7 34. Rb7 Qe8 35. a3 Qd8 36. Qc6 Kg8 37. a4 Rc8 38. Qb5 Kg7 39. Qa6 Kg8 40. a5 Rc3 41. Qe2 Qa8 42. a6 Rc6 43. Qf3 1/2-1/2

[Event "RUS-ch U20 Girls"]
[Site "Samara"]
[Date "2004.03.10"]
[Round "9"]
[White "Kucherova, Liya"]
[Black "Mokhova, Kristina"]
[Result "1/2-1/2"]
[WhiteElo "2182"]
[BlackElo "2129"]
[PlyCount "48"]
[EventDate "2004.03.??"]
[EventType "swiss"]
[EventRounds "11"]
[EventCountry "RUS"]
[SourceTitle "EXT 2005"]
[Source "ChessBase"]
[SourceDate "2004.11.15"]
[SourceVersion "1"]
[SourceVersionDate "2004.11.15"]
[SourceQuality "1"]

1. d4 d5 2. e3 Nf6 3. Bd3 Bg4 4. f3 Bh5 5. Nh3 e6 6. 0-0 c5 7. c3 Nc6 8. Qe1 Bg6 9. Nf2 Qc7 10. f4 Be7 11. b3 cxd4 12. exd4 Rc8 13. Qe3 Bxd3 14. Qxd3 0-0 15. Re1 Bd6 16. g3 Ne7 17. c4 dxc4 18. bxc4 Rfd8 19. Qb3 Nf5 20. Bb2 Bf8 21. Nh3 Qxc4 22. Qxb7 Qb4 23. Qxb4 Bxb4 24. Rc1 h6 1/2-1/2

[Event "St Petersburg Rudenko Memorial (Women)"]
[Site "St Petersburg"]
[Date "2004.??.??"]
[Round "5"]
[White "Mokhova, Kristina"]
[Black "Chernikova, Svetlana"]
[Result "1/2-1/2"]
[WhiteElo "2120"]
[BlackElo "2205"]
[PlyCount "55"]
[EventDate "2004.08.??"]
[EventType "swiss"]
[EventRounds "9"]
[EventCountry "RUS"]
[SourceTitle "CBM 101 Extra"]
[Source "ChessBase"]
[SourceDate "2004.09.01"]
[SourceVersion "2"]
[SourceVersionDate "2004.09.01"]
[SourceQuality "1"]

1. e4 c5 2. c3 Nf6 3. e5 Nd5 4. d4 cxd4 5. Nf3 Nc6 6. cxd4 d6 7. Bc4 Nb6 8. Bb5 dxe5 9. Nxe5 Bd7 10. Nxd7 Qxd7 11. 0-0 e6 12. Be3 Be7 13. Nc3 0-0 14. Rc1 Rac8 15. d5 Nxd5 16. Bxa7 Qd8 17. Nxd5 exd5 18. Be3 Bf6 19. Qb3 d4 20. Bf4 Qb6 21. Rfe1 Rfd8 22. Qd3 g6 23. a3 Ne5 24. Bxe5 Rxc1 25. Rxc1 Bxe5 26. g3 Kg7 27. a4 Qd6 28. Rc2 1/2-1/2

[Event "St Petersburg Rudenko Memorial (Women)"]
[Site "St Petersburg"]
[Date "2004.??.??"]
[Round "7"]
[White "Mokhova, Kristina"]
[Black "Gumilevskaja, Galina"]
[Result "1-0"]
[WhiteElo "2120"]
[BlackElo "2078"]
[PlyCount "125"]
[EventDate "2004.08.??"]
[EventType "swiss"]
[EventRounds "9"]
[EventCountry "RUS"]
[SourceTitle "CBM 101 Extra"]
[Source "ChessBase"]
[SourceDate "2004.09.01"]
[SourceVersion "2"]
[SourceVersionDate "2004.09.01"]
[SourceQuality "1"]

1. e4 c5 2. c3 d5 3. exd5 Qxd5 4. d4 Nc6 5. Nf3 Bg4 6. Be2 e6 7. 0-0 Nf6 8. h3 Bh5 9. Be3 cxd4 10. cxd4 Be7 11. Nc3 Qd8 12. Qb3 Qb6 13. Qxb6 axb6 14. d5 exd5 15. Bxb6 0-0 16. Rfd1 Bd8 17. Bc5 Re8 18. g4 Bg6 19. Bb5 Ne4 20. Be3 Nxc3 21. bxc3 Ba5 22. Rac1 Bd8 23. a4 h5 24. Nd4 Rc8 25. gxh5 Bxh5 26. Rd2 g6 27. Kg2 Bf6 28. Nb3 Re5 29. Nc5 Na5 30. Nd7 Rf5 31. Nxf6+ Rxf6 32. Bd4 Rf5 33. Rb2 Rg5+ 34. Kh2 Nc6 35. Be3 Re5 36. Bd3 Re7 37. Bg5 Rd7 38. Bf4 f6 39. Re1 Kf7 40. Reb1 Na5 41. Bf1 Bf3 42. Rb5 Be4 43. R1b4 Ra8 44. Bg2 Bxg2 45. Kxg2 g5 46. Be3 Ke6 47. Rb1 Nc4 48. Bd4 Rxa4 49. Rxb7 Rxb7 50. Rxb7 Ra6 51. Bc5 Kf5 52. Rd7 Ke6 53. Rd8 Rc6 54. Bd4 Ne5 55. Kg3 Rd6 56. Rc8 Kf5 57. Rc5 Ke4 58. Rc8 Re6 59. Rf8 f5 60. Rg8 f4+ 61. Kg2 Kf5 62. Bxe5 Rxe5 63. Kf3 1-0

[Event "St Petersburg Rudenko Memorial (Women)"]
[Site "St Petersburg"]
[Date "2004.??.??"]
[Round "3"]
[White "Mokhova, Kristina"]
[Black "Ovod, Evgenija"]
[Result "0-1"]
[WhiteElo "2120"]
[BlackElo "2308"]
[PlyCount "82"]
[EventDate "2004.08.??"]
[EventType "swiss"]
[EventRounds "9"]
[EventCountry "RUS"]
[SourceTitle "CBM 101 Extra"]
[Source "ChessBase"]
[SourceDate "2004.09.01"]
[SourceVersion "2"]
[SourceVersionDate "2004.09.01"]
[SourceQuality "1"]

1. e4 d6 2. d4 Nf6 3. Nc3 g6 4. g3 Bg7 5. Bg2 0-0 6. Nge2 Nbd7 7. 0-0 c5 8. h3 Rb8 9. a4 b6 10. Be3 a6 11. Qd2 Re8 12. Bh6 Bh8 13. f4 cxd4 14. Nxd4 Bb7 15. Rae1 Qc7 16. Kh2 e6 17. Re2 Qc4 18. Nb3 Nc5 19. Nxc5 Qxc5 20. f5 exf5 21. Rxf5 Qc4 22. Ref2 Qe6 23. Qg5 Nxe4 24. Nxe4 Bxe4 25. Bxe4 Qxe4 26. Rxf7 Bd4 27. R7f4 Qe5 28. Rf5 Qe6 29. c3 Bxf2 30. Rxf2 Rb7 31. Qd2 Rf7 32. Bf4 d5 33. Rg2 Qe4 34. Qd1 Qc4 35. Rd2 Rfe7 36. h4 Re2+ 37. Kh3 Rxd2 38. Qxd2 h5 39. b3 Qf1+ 40. Qg2 Qd1 41. c4 Qg4+ 0-1

[Event "RUS-Cup 300 years (Women)"]
[Site "St Petersburg"]
[Date "2003.10.25"]
[Round "8"]
[White "Alekseeva, Alena"]
[Black "Mokhova, Kristina"]
[Result "0-1"]
[WhiteElo "2060"]
[BlackElo "2121"]
[PlyCount "88"]
[EventDate "2003.10.18"]
[EventType "swiss"]
[EventRounds "9"]
[EventCountry "RUS"]
[SourceTitle "EXT 2004"]
[Source "ChessBase"]
[SourceDate "2003.11.25"]
[SourceVersion "1"]
[SourceVersionDate "2003.11.25"]
[SourceQuality "1"]

1. e4 e6 2. d4 d5 3. e5 c5 4. c3 Nc6 5. Nf3 Nge7 6. a3 cxd4 7. cxd4 Nf5 8. b4 Be7 9. Bb2 0-0 10. Bd3 f6 11. b5 Nb8 12. Qc2 fxe5 13. Nxe5 g6 14. 0-0 Nd7 15. Nd2 Nxe5 16. dxe5 Bd7 17. Nf3 Rc8 18. Qd2 Bc5 19. Kh1 Qe7 20. Ng1 Qh4 21. Nh3 Nd4 22. Bxd4 Bxd4 23. Qb4 a6 24. Rad1 a5 25. Qe1 Bc3 26. Qe2 Qa4 27. Ng5 Qf4 28. Nf3 g5 29. h3 Be8 30. Rc1 Bh5 31. g4 Qxf3+ 32. Qxf3 Rxf3 33. Be2 Rxh3+ 34. Kg2 Rh4 35. gxh5 Re4 36. Bf3 Rxe5 37. Rfd1 Rc5 38. Rd3 d4 39. Bxb7 Rxb5 40. Bc6 Rb6 41. Bd7 Kf7 42. Kg3 Ke7 43. Ba4 h6 44. Rc2 Re4 0-1

[Event "RUS-Cup 300 years (Women)"]
[Site "St Petersburg"]
[Date "2003.10.22"]
[Round "5"]
[White "Mokhova, Kristina"]
[Black "Vasilevich, Irina"]
[Result "1/2-1/2"]
[WhiteElo "2121"]
[BlackElo "2273"]
[PlyCount "63"]
[EventDate "2003.10.18"]
[EventType "swiss"]
[EventRounds "9"]
[EventCountry "RUS"]
[SourceTitle "EXT 2004"]
[Source "ChessBase"]
[SourceDate "2003.11.25"]
[SourceVersion "1"]
[SourceVersionDate "2003.11.25"]
[SourceQuality "1"]

1. e4 c5 2. c3 d5 3. exd5 Qxd5 4. d4 e6 5. Nf3 Nc6 6. Bd3 Nf6 7. 0-0 cxd4 8. cxd4 Be7 9. Nc3 Qd6 10. Bg5 0-0 11. Rc1 a6 12. Qd2 Qd8 13. Rfd1 Nb4 14. Bb1 b6 15. a3 Nbd5 16. Nxd5 Nxd5 17. Qd3 g6 18. Bh6 Re8 19. Ne5 Bb7 20. Qf3 Bf6 21. Qg4 Bg7 22. Bxg7 Kxg7 23. Rd3 Nf6 24. Qf4 Be4 25. Rh3 Bxb1 26. Rxb1 Rc8 27. g4 Rc7 28. Qh6+ Kg8 29. Rd1 Qd5 30. Qh4 Kg7 31. Qh6+ Kg8 32. Qh4 1/2-1/2